000 00302nam a2200109Ia 4500
008 240521s2007 xx 000 0 und d
041 _aeng
100 _aGUHAS S K.
245 _aCENTRAL WATER AND POWER RESEARCH
260 _bCENTRAL COUNCIL FOR RESEARCH IN AYURVEDA AND SIDDHA
_c2007
300 _a811
999 _c1163415
_d1163415